| 000 | 01141cam a2200289 i 4500 | ||
|---|---|---|---|
| 001 | 17898316 | ||
| 005 | 20240513202040.0 | ||
| 008 | 130925s2014 ne a bf 001 0 eng | ||
| 010 | _a 2013039021 | ||
| 020 | _a9781138001398 (hardback : alk. paper) | ||
| 040 |
_aDLC _beng _cDLC _erda _dDLC |
||
| 082 | 0 | 0 |
_a624.151 _bLOO |
| 100 | 1 |
_aLook, Burt, _eauthor. _9122624 |
|
| 245 | 1 | 0 |
_aHandbook of geotechnical investigation and design tables / _cBurt G. Look, Geotechnical Practice Leader, Sinclair Knight Merz, Australia. |
| 250 | _aSecond edition. | ||
| 264 | 1 |
_aLeiden, the Netherlands : _bCRC Press/Balkema, _c[2014] |
|
| 300 |
_axxiii, 393 pages : _billustrations ; _c25 cm |
||
| 336 |
_atext _2rdacontent |
||
| 337 |
_aunmediated _2rdamedia |
||
| 338 |
_avolume _2rdacarrier |
||
| 504 | _aIncludes bibliographical references (pages 365-379) and index. | ||
| 650 | 0 |
_aEngineering geology _vHandbooks, manuals, etc. _923604 |
|
| 650 | 0 |
_aEarthwork. _919708 |
|
| 906 |
_a7 _bcbc _corignew _d1 _eecip _f20 _gy-gencatlg |
||
| 942 |
_2ddc _cBK |
||
| 999 |
_c609082 _d609082 |
||